[Event "BCF-chT1a 1516 (4NCL)"]
[Site "England"]
[Date "2016.02.13"]
[Round "5.126"]
[White "Martin, Andrew D"]
[Black "Getz, Nicolai"]
[Result "0-1"]
[WhiteElo "2375"]
[BlackElo "2410"]
[PlyCount "110"]
[EventDate "2015.11.14"]
[EventType "team-tourn"]
[EventRounds "7"]
[EventCountry "ENG"]
[SourceTitle "CBM 170 Extra"]
[Source "ChessBase"]
[SourceDate "2016.02.25"]
[SourceVersion "1"]
[SourceVersionDate "2016.02.25"]
[SourceQuality "1"]
[WhiteTeam "Guildford II"]
[BlackTeam "Wood Green"]
[WhiteTeamCountry "ENG"]
[BlackTeamCountry "ENG"]

1. Nf3 Nf6 2. g3 d5 3. Bg2 c6 4. 0-0 Bf5 5. d3 h6 6. c4 dxc4 7. dxc4 Nbd7 8. b3 e5 9. Bb2 Qc7 10. Nc3 Be7 11. Qd2 0-0 12. Rad1 Rfe8 13. Qc1 Bf8 14. Ne1 a5 15. Nc2 Nc5 16. Ne3 Bh7 17. Bh3 Ne6 18. Bf5 Nd4 19. Bxh7+ Kxh7 20. Nc2 Rad8 21. e3 Ne6 22. Rxd8 Rxd8 23. Rd1 Nc5 24. Rxd8 Qxd8 25. Qd1 Qc8 26. Ba3 Qf5 27. Qe2 Kg8 28. Bxc5 Bxc5 29. Qd2 Kh7 30. Qe2 Bb4 31. Nxb4 axb4 32. Nd1 Ne4 33. Kg2 Ng5 34. g4 Qb1 35. f3 e4 36. fxe4 Nxe4 37. Nf2 Nc3 38. Qf3 Kg8 39. e4 Qxa2 40. Qf5 Qa8 41. h4 Qd8 42. g5 hxg5 43. hxg5 Ne2 44. e5 Nd4 45. Qg4 Nxb3 46. e6 Nd4 47. exf7+ Kxf7 48. g6+ Kg8 49. Qh5 Ne6 50. Qh7+ Kf8 51. Ne4 Qd4 52. Qh8+ Ke7 53. Qh4+ Kd7 54. Qg4 Qe5 55. c5 b3 0-1

[Event "BCF-chT1a 1516 (4NCL)"]
[Site "England"]
[Date "2016.01.24"]
[Round "4.125"]
[White "Harvey, Marcus Ross"]
[Black "Martin, Andrew D"]
[Result "0-1"]
[WhiteElo "2341"]
[BlackElo "2375"]
[PlyCount "106"]
[EventDate "2015.11.14"]
[EventType "team-tourn"]
[EventRounds "7"]
[EventCountry "ENG"]
[SourceTitle "CBM 170 Extra"]
[Source "ChessBase"]
[SourceDate "2016.02.25"]
[SourceVersion "1"]
[SourceVersionDate "2016.02.25"]
[SourceQuality "1"]
[WhiteTeam "Oxford"]
[BlackTeam "Guildford II"]
[WhiteTeamCountry "ENG"]
[BlackTeamCountry "ENG"]

1. e4 d5 2. exd5 Qxd5 3. d4 e5 4. Nc3 Bb4 5. Be3 Nc6 6. a3 Bxc3+ 7. bxc3 Nf6 8. Nf3 Qa5 9. Bd2 e4 10. Ng1 0-0 11. c4 Qf5 12. Be3 Rd8 13. c3 b6 14. Ne2 Qa5 15. Qc2 Ba6 16. Nc1 Ne7 17. a4 Nf5 18. Qd2 Nxe3 19. fxe3 Qg5 20. h3 Nh5 21. h4 Qg6 22. Qf2 Ng3 23. h5 Nxh1 24. hxg6 Nxf2 25. gxf7+ Kxf7 26. Kxf2 Rd6 27. Nb3 Rf6+ 28. Kg1 Ke7 29. a5 Rxf1+ 30. Rxf1 Bxc4 31. Rb1 Rf8 32. Nd2 Bd3 33. Ra1 g5 34. c4 h5 35. axb6 axb6 36. c5 bxc5 37. Ra5 Rf5 38. dxc5 h4 39. Ra4 g4 40. g3 h3 41. Nxe4 Rf3 42. Kh2 Rxe3 43. Nc3 Ke6 44. Rxg4 Bf5 45. Rc4 Ke5 46. Nb5 Re2+ 47. Kh1 Be4+ 48. Rxe4+ Rxe4 49. Nxc7 Kf5 50. Nd5 Rd4 51. Ne7+ Kg4 52. c6 Rd1+ 53. Kh2 Rc1 0-1

[Event "BCF-chT1a 1516 (4NCL)"]
[Site "England"]
[Date "2015.11.15"]
[Round "2.122"]
[White "Collins, Sam E"]
[Black "Martin, Andrew D"]
[Result "1-0"]
[WhiteElo "2456"]
[BlackElo "2375"]
[PlyCount "77"]
[EventDate "2015.11.14"]
[EventType "team-tourn"]
[EventRounds "7"]
[EventCountry "ENG"]
[SourceTitle "CBM 169 Extra"]
[Source "ChessBase"]
[SourceDate "2015.12.18"]
[SourceVersion "1"]
[SourceVersionDate "2015.12.18"]
[SourceQuality "1"]
[WhiteTeam "Barbican"]
[BlackTeam "Guildford II"]
[WhiteTeamCountry "ENG"]
[BlackTeamCountry "ENG"]

1. e4 e6 2. d4 d5 3. Nc3 dxe4 4. Nxe4 Bd7 5. Nf3 Bc6 6. Bd3 Nd7 7. 0-0 Ngf6 8. Ng3 g6 9. b3 Bg7 10. Ba3 Bf8 11. Bb2 Bg7 12. Ba3 Bf8 13. Bb2 Bg7 14. Re1 0-0 15. c4 a5 16. a3 Re8 17. h3 b6 18. Qe2 Qc8 19. Ne5 Nxe5 20. dxe5 Nd7 21. Rad1 Qb7 22. f4 Red8 23. Kh2 Qc8 24. f5 Nc5 25. fxg6 hxg6 26. Bc2 Rxd1 27. Rxd1 Qf8 28. h4 Bh6 29. Qg4 Qg7 30. b4 Ba4 31. Bxa4 Nxa4 32. Ba1 axb4 33. axb4 Qf8 34. h5 Rd8 35. Ne4 Rxd1 36. Qxd1 Qxb4 37. hxg6 Qxc4 38. Qd8+ Bf8 39. Qh4 1-0

[Event "BCF-chT2a 1415 (4NCL)"]
[Site "England"]
[Date "2014.11.15"]
[Round "1.21"]
[White "Martin, Andrew D"]
[Black "Strugnell, Carl"]
[Result "1/2-1/2"]
[WhiteElo "2380"]
[BlackElo "2241"]
[PlyCount "45"]
[EventDate "2014.11.15"]
[EventType "team-tourn"]
[EventRounds "7"]
[EventCountry "ENG"]
[SourceTitle "CBM 163 Extra"]
[Source "ChessBase"]
[SourceDate "2014.12.23"]
[SourceVersion "1"]
[SourceVersionDate "2014.12.23"]
[SourceQuality "1"]
[WhiteTeam "Guildford III"]
[BlackTeam "Rhyfelwyr Essyllwg"]
[WhiteTeamCountry "ENG"]
[BlackTeamCountry "ENG"]

1. d4 Nf6 2. c4 e6 3. Nf3 d5 4. Nc3 Be7 5. Bg5 0-0 6. e3 h6 7. Bxf6 Bxf6 8. Qd2 Nc6 9. cxd5 exd5 10. Be2 a6 11. 0-0 Re8 12. Rac1 Qd6 13. Ne1 Na7 14. Nd3 Nb5 15. a3 c6 16. Nxb5 axb5 17. Nc5 Bd8 18. Bf3 Ba5 19. Qd1 Bc7 20. g3 Qg6 21. Re1 Bd6 22. Rc3 Bxc5 23. Rxc5 1/2-1/2

[Event "BCF-chT3 1314 (4NCL)"]
[Site "England"]
[Date "2014.05.04"]
[Round "10.55"]
[White "Walker, David John"]
[Black "Martin, Andrew D"]
[Result "1/2-1/2"]
[WhiteElo "2271"]
[BlackElo "2386"]
[PlyCount "63"]
[EventDate "2013.11.16"]
[EventType "team-swiss"]
[EventRounds "11"]
[EventCountry "ENG"]
[SourceTitle "EXT 2015"]
[Source "ChessBase"]
[SourceDate "2014.11.20"]
[SourceVersion "1"]
[SourceVersionDate "2014.11.20"]
[SourceQuality "1"]
[WhiteTeam "North East England"]
[BlackTeam "Guildford III"]
[WhiteTeamCountry "ENG"]
[BlackTeamCountry "ENG"]

1. c4 e5 2. g3 Nf6 3. Bg2 d5 4. cxd5 Nxd5 5. Nc3 Nb6 6. Nf3 Nc6 7. 0-0 Be7 8. a3 0-0 9. b4 Be6 10. d3 f6 11. Rb1 Qd7 12. Ne4 Nd5 13. Bb2 Rad8 14. Qc2 Bh3 15. b5 Nb8 16. d4 Bxg2 17. Kxg2 exd4 18. Bxd4 b6 19. Nc3 Nxc3 20. Qxc3 Bd6 21. a4 Rfe8 22. Be3 Qf7 23. Rfd1 Nd7 24. Qc2 Ne5 25. Nxe5 Bxe5 26. Rxd8 Rxd8 27. Rd1 Rxd1 28. Qxd1 Bd6 29. Qd4 Qe6 30. Kf3 Qf5+ 31. Kg2 Qe6 32. Kf3 1/2-1/2

[Event "BCF-chT1b 1213 (4NCL)"]
[Site "England"]
[Date "2013.01.13"]
[Round "4.176"]
[White "Shephard, Chris CW"]
[Black "Martin, Andrew D"]
[Result "0-1"]
[WhiteElo "2167"]
[BlackElo "2392"]
[PlyCount "74"]
[EventDate "2012.11.03"]
[EventType "team-tourn"]
[EventRounds "7"]
[EventCountry "ENG"]
[SourceTitle "EXT 2014"]
[Source "ChessBase"]
[SourceDate "2013.11.20"]
[SourceVersion "1"]
[SourceVersionDate "2013.11.20"]
[SourceQuality "1"]
[WhiteTeam "Warwicks Select"]
[BlackTeam "Wood Green Hilsmark II"]
[WhiteTeamCountry "ENG"]
[BlackTeamCountry "ENG"]

1. c4 e6 2. Nf3 Nf6 3. g3 c5 4. Bg2 Nc6 5. 0-0 d5 6. b3 Be7 7. Bb2 0-0 8. d3 d4 9. e4 e5 10. Nbd2 a6 11. Qe2 Bg4 12. Rfb1 Ne8 13. Qf1 Qd7 14. Ne1 Nd6 15. f3 Be6 16. Nc2 a5 17. a4 f5 18. exf5 Bxf5 19. Qe2 Rae8 20. Rf1 Bg5 21. Ne4 Nxe4 22. fxe4 Bg4 23. Bf3 Be6 24. Bc1 Qd8 25. Bxg5 Qxg5 26. Rad1 Ra8 27. Qd2 Qe7 28. Bg2 Rxf1+ 29. Rxf1 Ra6 30. Na3 Nb4 31. Nb5 Ra8 32. Rf2 Rf8 33. Rxf8+ Kxf8 34. Na3 h6 35. Nc2 Nxc2 36. Qxc2 Qg5 37. Qd1 Qe3+ 0-1

[Event "BCF-chTb 1112 (4NCL)"]
[Site "England"]
[Date "2012.01.14"]
[Round "3.72"]
[White "Wall, Gavin"]
[Black "Martin, Andrew D"]
[Result "1/2-1/2"]
[WhiteElo "2330"]
[BlackElo "2399"]
[PlyCount "30"]
[EventDate "2011.11.12"]
[EventType "team-tourn"]
[EventRounds "7"]
[EventCountry "ENG"]
[SourceTitle "EXT 2013"]
[Source "ChessBase"]
[SourceDate "2012.11.22"]
[SourceVersion "1"]
[SourceVersionDate "2012.11.22"]
[SourceQuality "1"]
[WhiteTeam "Guildford II"]
[BlackTeam "Wood Green Hilsmark II"]
[WhiteTeamCountry "ENG"]
[BlackTeamCountry "ENG"]

1. e4 d5 2. exd5 Qxd5 3. Nc3 Qa5 4. d4 c6 5. Nf3 Bf5 6. Bc4 e6 7. Nh4 Bg6 8. Nxg6 hxg6 9. Qd3 Nf6 10. Bd2 Qc7 11. g3 Bd6 12. Ne4 Nxe4 13. Qxe4 Nd7 14. 0-0-0 0-0-0 15. Qf3 Nb6 1/2-1/2

[Event "BCF-chT1a 1011 (4NCL)"]
[Site "England"]
[Date "2011.01.15"]
[Round "3.12"]
[White "Martin, Andrew D"]
[Black "Eggleston, David"]
[Result "1/2-1/2"]
[WhiteElo "2406"]
[BlackElo "2307"]
[PlyCount "29"]
[EventDate "2010.11.06"]
[EventType "team-tourn"]
[EventRounds "7"]
[EventCountry "ENG"]
[SourceTitle "EXT 2012"]
[Source "ChessBase"]
[SourceDate "2011.11.24"]
[SourceVersion "1"]
[SourceVersionDate "2011.11.24"]
[SourceQuality "1"]
[WhiteTeam "Hilsmark Kingfisher II"]
[BlackTeam "Cheddleton"]
[WhiteTeamCountry "ENG"]
[BlackTeamCountry "ENG"]

1. Nf3 Nf6 2. d4 e6 3. c4 b6 4. g3 Bb7 5. Bg2 Be7 6. 0-0 0-0 7. Nc3 Na6 8. Bg5 c5 9. Rc1 cxd4 10. Qxd4 h6 11. Bxf6 Bxf6 12. Qd2 Nc5 13. Rfd1 Rc8 14. Nd4 Bxg2 15. Kxg2 1/2-1/2

[Event "BCF-chT1a 0910 (4NCL)"]
[Site "England"]
[Date "2010.02.21"]
[Round "6.7"]
[White "Bryant, Richard BE"]
[Black "Martin, Andrew D"]
[Result "0-1"]
[WhiteElo "1945"]
[BlackElo "2411"]
[PlyCount "78"]
[EventDate "2009.10.24"]
[EventType "team-tourn"]
[EventRounds "7"]
[EventCountry "ENG"]
[SourceTitle "EXT 2011"]
[Source "ChessBase"]
[SourceDate "2010.11.26"]
[SourceVersion "1"]
[SourceVersionDate "2010.11.26"]
[SourceQuality "1"]
[WhiteTeam "Guildford II"]
[BlackTeam "Wood Green Hilsmark Kingfisher"]
[WhiteTeamCountry "ENG"]
[BlackTeamCountry "ENG"]

1. Nc3 Nf6 2. e4 e5 3. Nf3 Bb4 4. Bc4 0-0 5. d3 c6 6. a3 Ba5 7. b4 Bc7 8. 0-0 h6 9. h3 d5 10. Bb3 a5 11. Bb2 dxe4 12. Nxe4 Nxe4 13. dxe4 Qe7 14. Qe2 Nd7 15. Rfd1 Re8 16. c3 Nf8 17. Ne1 Ne6 18. Nd3 Qf6 19. Qe3 Ng5 20. Re1 Ne6 21. Rad1 Nf4 22. Kh2 g5 23. Bc1 Qg6 24. f3 axb4 25. cxb4 Ne6 26. Nc5 Nd4 27. Bb2 b6 28. Na4 Be6 29. Bxe6 Qxe6 30. Nc3 Nc2 31. Qc1 Nxe1 32. Rxe1 Red8 33. h4 f6 34. Ne2 gxh4 35. g3 Kh7 36. Qe3 f5 37. exf5 Qxf5 38. Bc1 Qg6 39. Rg1 Rd3 0-1